| 000 | 00534nam a22001817a 4500 | ||
|---|---|---|---|
| 003 | NUST - PNEC | ||
| 005 | 20170116180857.0 | ||
| 008 | 150831b xxu||||| |||| 00| 0 eng d | ||
| 020 | _a9788131509890 | ||
| 020 | _a8131509893 | ||
| 040 | _cLIBRARY | ||
| 082 | _a620.0071 GHO | ||
| 100 |
_96059 _aGhoshal, Subrata |
||
| 245 |
_aEmbedded systems & robots: Projects using the 8051 microcontroller _cSubrata Ghoshal |
||
| 260 |
_aNew Delhi: _bCengage Learning, _cc2009 |
||
| 650 |
_96066 _aMechanical engineering _xME |
||
| 942 |
_2ddc _cBK |
||
| 999 |
_c64837 _d64837 |
||